000 00785nam a22001817a 4500
003 OSt
005 20260407121013.0
008 260407b |||||||| |||| 00| 0 spa d
100 _aLINGUAPHONE INSTITUTE
245 _aCURSO PRACTICO ITALIANO
250 _a1RA EDICION
260 _aLONDON ,FLORIDA, BUENOS AIRES
_bLINGUAJPHONE INSTITUTE
_c1998
300 _a150PAG
_cLIBRO DE BOLSILLO
490 _3HOJA RIGIDA
520 _aEl curso practico de italiano se adapta a niños y adultos ,a principiantes y a quienes teniendo un conocimiento teórico del idioma desean llegar a hablarlo con corrección
650 _acurso italiano
_vServir tanto para el aprendizaje particular o sin profesión
_xnotas sobre el vocabulario , la pronunciación del italiano
942 _2ddc
_cBKA
_n0
999 _c2047
_d2047